000 00642nam a2200169Ia 4500
008 090124s9999 xx 000 0 und d
082 _b103393
100 _aखापर्डे बा. ग.
245 _a मौल्यवान वस्तुंचा मोडका बाजार
250 _a1
300 _a142
600 _aखापर्डे बा. ग.
630 _a मौल्यवान वस्तुंचा मोडका बाजार
700 _aखापर्डे बा. ग.
730 _a मौल्यवान वस्तुंचा मोडका बाजार
942 _cBOOK
999 _c149485
_d149485